[Event "133rd YMCA Masters"]
[Site "Warszawa"]
[Date "2014.02.14"]
[Round "6"]
[White "Rudnicki, Milosz"]
[Black "Warszawski, Bartosz"]
[Result "1-0"]
[WhiteElo "2225"]
[BlackElo "2232"]
[Annotator "Admin"]
[PlyCount "79"]
[EventDate "2014.01.09"]
[EventType "tourn"]
[EventRounds "1"]
[EventCountry "POL"]
[EventCategory "2"]
[SourceDate "2014.01.09"]

1. e4 c5 2. Nf3 e6 3. d4 cxd4 4. Nxd4 Nc6 5. Nc3 Qc7 6. Be2 a6 7. O-O b5 8. Be3
Bb7 9. f4 Bc5 10. Qd2 Nf6 11. e5 Nxd4 12. Bxd4 Ne4 13. Nxe4 Bxe4 $11 14. c3 O-O
15. Qe3 Bxd4 16. Qxd4 Qb7 17. Bf3 Bxf3 18. Rxf3 Rac8 19. Rd1 Rfd8 20. Rfd3 Rc4
21. Qf2 b4 22. Qh4 Qb6+ 23. Kh1 bxc3 24. bxc3 h6 25. h3 Kh7 26. Kh2 g5 27. Qh5
Rxf4 28. Rf3 Rxf3 29. Qxf3 Kg8 30. Qf6 Qa5 31. Re1 Rc8 32. Qxh6 Qxc3 33. Qxg5+
Kf8 34. Re4 Rc4 35. Qd8+ Kg7 36. Qg5+ Kf8 37. Re3 Qa5 38. Qh6+ Ke7 39. Qf6+ Ke8
40. Rg3 1-0

[Event "133rd YMCA Masters"]
[Site "Warszawa"]
[Date "2014.02.12"]
[Round "6"]
[White "Bartel, Michal"]
[Black "Rudolf, Michal"]
[Result "1/2-1/2"]
[WhiteElo "2316"]
[BlackElo "2367"]
[PlyCount "78"]
[EventDate "2014.01.09"]
[EventType "tourn"]
[EventRounds "1"]
[EventCountry "POL"]
[EventCategory "2"]
[SourceDate "2014.01.09"]

1. g3 e5 2. Bg2 Nf6 3. e4 Bc5 4. Ne2 O-O 5. O-O Re8 6. Nbc3 c6 7. d4 exd4 8.
Nxd4 d5 9. exd5 cxd5 10. Nb3 Bg4 11. Qd3 Bb6 12. Bg5 h6 13. Bxf6 Qxf6 14. Rab1
Nc6 15. Nxd5 Qe5 16. Qc3 Nd4 17. Nxd4 Bxd4 18. Qc7 Rac8 19. Qxe5 Rxe5 20. c3
Bc5 21. Rfe1 Rce8 22. Rxe5 Rxe5 23. Nf4 b6 24. b4 Bf8 25. h3 Bf5 26. Rd1 g5 27.
Nd5 Kg7 28. Ne3 Be6 29. a3 f5 30. Rd4 Be7 31. Kf1 Bf6 32. Ke2 Bc8 33. Kd2 Re8
34. Rd5 f4 35. Ng4 Bxg4 36. hxg4 fxg3 37. fxg3 Rd8 38. Kd3 Rxd5+ 39. Bxd5 Kf8
1/2-1/2

[Event "133rd YMCA Masters"]
[Site "Warszawa"]
[Date "2014.02.10"]
[Round "6"]
[White "Cajbel, Maciej"]
[Black "Janczarski, Michal"]
[Result "0-1"]
[WhiteElo "2205"]
[BlackElo "2385"]
[PlyCount "64"]
[EventDate "2014.01.09"]
[EventType "tourn"]
[EventRounds "1"]
[EventCountry "POL"]
[EventCategory "2"]
[SourceDate "2014.01.09"]

1. e4 c5 2. Nf3 d6 3. Bb5+ Nd7 4. d4 cxd4 5. Qxd4 Ngf6 6. Nc3 a6 7. Bxd7+ Bxd7
8. Bg5 e6 9. O-O-O Be7 10. Rhe1 Qc7 11. Kb1 O-O 12. Bxf6 gxf6 13. e5 fxe5 14.
Nxe5 Bc6 15. Ng4 e5 16. Qd3 Kh8 17. Nh6 Qd7 18. Nf5 Rad8 19. g4 Rfe8 20. f4 Bf8
21. Re3 f6 22. Rh3 d5 23. Qg3 d4 24. Ne2 Qf7 25. Qh4 Bg2 26. Rg3 Be4 27. Rh3
Rc8 28. Rdd3 Rc6 29. Neg3 Bxd3 30. cxd3 Rec8 31. Ne2 Rc2 32. Qe1 Ba3 0-1

[Event "133rd YMCA Masters"]
[Site "Warszawa"]
[Date "2014.02.03"]
[Round "7"]
[White "Rudolf, Michal"]
[Black "Cajbel, Maciej"]
[Result "1-0"]
[WhiteElo "2367"]
[BlackElo "2205"]
[PlyCount "95"]
[EventDate "2014.01.09"]
[EventType "tourn"]
[EventRounds "1"]
[EventCountry "POL"]
[EventCategory "2"]
[SourceDate "2014.01.09"]

1. e4 g6 2. d4 Bg7 3. Nc3 c6 4. Nf3 d5 5. h3 dxe4 6. Nxe4 Nd7 7. Bc4 Ngf6 8.
Nxf6+ Nxf6 9. O-O O-O 10. Re1 b5 11. Bb3 Bb7 12. Bf4 e6 13. Qe2 Qb6 14. a4 bxa4
15. Rxa4 c5 16. Be5 Ne4 17. Qd3 Bxe5 18. Nxe5 Nf6 19. Qe3 cxd4 20. Qf4 Kg7 21.
Rxd4 Rad8 22. Rb4 Qa5 23. Bxe6 Nd5 24. Bxd5 Qxd5 25. Nf3 Rfe8 26. Rxe8 Rxe8 27.
Rd4 Qe6 28. Rd6 Qe4 29. Qf6+ Kg8 30. Rd8 Bd5 31. Rxe8+ Qxe8 32. Ne5 Be6 33. h4
h5 34. c4 Qc8 35. b3 a5 36. g3 Qa6 37. Qd8+ Kg7 38. Qd4 Kf8 39. Nd3 Bf5 40. Nf4
Ke8 41. Nd5 Qb7 42. Qc5 Be6 43. Nf6+ Kd8 44. Qxa5+ Ke7 45. Qc3 Bh3 46. Nd5+ Kd7
47. Qf6 Kc8 48. Qd6 1-0

[Event "133rd YMCA Masters"]
[Site "Warszawa"]
[Date "2014.02.21"]
[Round "7"]
[White "Warszawski, Bartosz"]
[Black "Bartel, Michal"]
[Result "1-0"]
[WhiteElo "2232"]
[BlackElo "2316"]
[PlyCount "89"]
[EventDate "2014.01.09"]
[EventType "tourn"]
[EventRounds "1"]
[EventCountry "POL"]
[EventCategory "2"]
[SourceDate "2014.01.09"]

1. e4 e5 2. Nf3 Nc6 3. Bb5 a6 4. Ba4 Nge7 5. O-O g6 6. c3 Bg7 7. d4 exd4 8.
cxd4 b5 9. Bb3 Na5 10. Nc3 d6 11. Be3 O-O 12. h3 Bb7 13. Bc2 Nc4 14. Bc1 c5 15.
b3 cxd4 16. Nxd4 Nc6 17. Nxc6 Bxc6 18. bxc4 Bxc3 19. Bh6 Re8 20. Rc1 Qf6 21.
Bd3 b4 22. Bd2 Bb2 23. Bxb4 Bxc1 24. Qxc1 Bxe4 25. Bc3 Qh4 26. Ba1 Re6 27. Qc3
f6 28. Qd4 Rb8 29. g3 Bxd3 30. gxh4 Bxf1 31. Kxf1 Rb7 32. Qd5 Rb1+ 33. Kg2 Kf7
34. Bc3 Ke7 35. c5 Rb5 36. Bd4 dxc5 37. Bxc5+ Rxc5 38. Qxc5+ Kf7 39. f4 Kg7 40.
Qd5 Rb6 41. h5 gxh5 42. Kg3 Kg6 43. Kh4 Rb5 44. Qg8+ Kh6 45. Qe6 1-0

[Event "133rd YMCA Masters"]
[Site "Warszawa"]
[Date "2014.02.21"]
[Round "7"]
[White "Nguyen, Piotr"]
[Black "Rudnicki, Milosz"]
[Result "1-0"]
[WhiteElo "2360"]
[BlackElo "2225"]
[PlyCount "39"]
[EventDate "2014.01.09"]
[EventType "tourn"]
[EventRounds "1"]
[EventCountry "POL"]
[EventCategory "2"]
[SourceDate "2014.01.09"]

1. Nf3 d5 2. g3 Nf6 3. Bg2 c5 4. c4 d4 5. b4 e6 6. Qa4+ Qd7 7. Qb3 cxb4 8. a3
Nc6 9. axb4 Bxb4 10. Ne5 Bxd2+ 11. Nxd2 Nxe5 12. Ba3 Qc7 13. O-O Bd7 14. Qxb7
Qxb7 15. Bxb7 Rd8 16. Rfb1 Bc6 17. f4 Bxb7 18. fxe5 Ne4 19. Rxb7 Nxd2 20. Bb4
1-0

[Event "133rd YMCA Masters"]
[Site "Warszawa"]
[Date "2014.03.12"]
[Round "8"]
[White "Jarmula, Lukasz"]
[Black "Skawinski, Arkadiusz"]
[Result "0-1"]
[WhiteElo "2225"]
[BlackElo "2319"]
[PlyCount "66"]
[EventDate "2014.01.09"]
[EventType "tourn"]
[EventRounds "1"]
[EventCountry "POL"]
[EventCategory "2"]
[SourceDate "2014.01.09"]

1. d4 d5 2. c4 c6 3. Nf3 Nf6 4. Nbd2 Bf5 5. Nh4 Be6 6. e3 Nbd7 7. Be2 g6 8.
Nhf3 h6 9. O-O Bg7 10. b3 O-O 11. Bb2 Ne4 12. Nxe4 dxe4 13. Nd2 f5 14. Qc2 Bf7
15. f3 exf3 16. Nxf3 e5 17. dxe5 Qe7 18. e4 f4 19. Qd2 g5 20. e6 Bxe6 21. Bxg7
Kxg7 22. Rad1 Rad8 23. Qd4+ Kg8 24. Qxa7 Nc5 25. Ne5 Bh3 26. Ng6 Qxe4 27. Bf3
Qe3+ 28. Kh1 Rxd1 29. Bxd1 Rd8 30. Bf3 g4 31. Bxc6 f3 32. gxf3 Bxf1 33. Bxb7
Bg2+ 0-1

[Event "133rd YMCA Masters"]
[Site "Warszawa"]
[Date "2014.03.20"]
[Round "8"]
[White "Bartel, Michal"]
[Black "Nguyen, Piotr"]
[Result "1-0"]
[WhiteElo "2316"]
[BlackElo "2360"]
[PlyCount "99"]
[EventDate "2014.01.09"]
[EventType "tourn"]
[EventRounds "1"]
[EventCountry "POL"]
[EventCategory "2"]
[SourceDate "2014.01.09"]

1. e4 e6 2. d4 d5 3. Nc3 h6 4. Nge2 Nf6 5. Ng3 c5 6. Bb5+ Nc6 7. exd5 exd5 8.
O-O Be7 9. Be3 O-O 10. Bxc6 bxc6 11. dxc5 Bg4 12. Qd4 a5 13. Na4 Rb8 14. a3 h5
15. Bg5 g6 16. Rae1 Be6 17. f4 Ng4 18. Bxe7 Qxe7 19. h3 Qf6 20. Qxf6 Nxf6 21.
f5 gxf5 22. Nxf5 Bxf5 23. Rxf5 Kg7 24. Nb6 Rb7 25. b4 Kg6 26. Rf3 axb4 27. axb4
Nd7 28. Re7 Nxc5 29. Rxb7 Nxb7 30. Nd7 Re8 31. Rf6+ Kg7 32. Rxc6 Re1+ 33. Kf2
Rb1 34. c3 Rb2+ 35. Kf3 Rb3 36. Ke3 Nd8 37. Rc5 Ne6 38. Rxd5 Rxc3+ 39. Rd3 Rc2
40. b5 Rxg2 41. b6 Rb2 42. Ra3 f5 43. Ra7 Nd8 44. Nc5+ Kg6 45. Rd7 Rxb6 46.
Rxd8 Kg5 47. Rd4 Rc6 48. h4+ Kf6 49. Nd3 Re6+ 50. Kf3 1-0

[Event "133rd YMCA Masters"]
[Site "Warszawa"]
[Date "2014.02.24"]
[Round "8"]
[White "Cajbel, Maciej"]
[Black "Warszawski, Bartosz"]
[Result "1/2-1/2"]
[WhiteElo "2205"]
[BlackElo "2232"]
[PlyCount "61"]
[EventDate "2014.01.09"]
[EventType "tourn"]
[EventRounds "1"]
[EventCountry "POL"]
[EventCategory "2"]
[SourceDate "2014.01.09"]

1. e4 c5 2. Nc3 Nc6 3. Bb5 Nd4 4. Bc4 g6 5. Nf3 Bg7 6. Nxd4 cxd4 7. Qf3 Nf6 8.
Nb5 O-O 9. Nxd4 d5 10. exd5 e5 11. Nb5 a6 12. Nc3 e4 13. Qe2 b5 14. Bb3 b4 15.
Na4 Bd7 16. c3 Qc7 17. h3 Bxa4 18. Bxa4 Nxd5 19. O-O Nb6 20. Bb3 Rfe8 21. f3 e3
22. dxe3 bxc3 23. bxc3 a5 24. Rb1 a4 25. Bc2 Nd5 26. Bd2 Nxc3 27. Bxc3 Qxc3 28.
Be4 Rad8 29. Rfc1 Qa3 30. Rc7 Be5 31. Rc2 1/2-1/2

[Event "133rd YMCA Masters"]
[Site "Warszawa"]
[Date "2014.03.17"]
[Round "8"]
[White "Janczarski, Michal"]
[Black "Rudolf, Michal"]
[Result "1/2-1/2"]
[WhiteElo "2385"]
[BlackElo "2367"]
[Annotator "Admin"]
[PlyCount "31"]
[EventDate "2014.01.09"]
[EventType "tourn"]
[EventRounds "1"]
[EventCountry "POL"]
[EventCategory "2"]
[SourceDate "2014.01.09"]

1. d4 f5 2. g3 Nf6 3. Bg2 e6 4. Nh3 Be7 5. O-O O-O 6. c4 d6 7. Nc3 c6 8. f3 e5
9. d5 Na6 10. Nf2 Nc7 11. e4 cxd5 12. cxd5 b5 13. Be3 b4 14. Ne2 fxe4 15. fxe4
Ng4 16. Nxg4 $11 1/2-1/2

[Event "133rd YMCA Masters"]
[Site "Warszawa"]
[Date "2014.03.04"]
[Round "9"]
[White "Nguyen, Piotr"]
[Black "Cajbel, Maciej"]
[Result "1-0"]
[WhiteElo "2360"]
[BlackElo "2205"]
[PlyCount "65"]
[EventDate "2014.01.09"]
[EventType "tourn"]
[EventRounds "1"]
[EventCountry "POL"]
[EventCategory "2"]
[SourceDate "2014.01.09"]

1. c4 c5 2. g3 g6 3. Bg2 Bg7 4. Nc3 Nc6 5. Nf3 Nf6 6. d4 cxd4 7. Nxd4 O-O 8.
O-O Ng4 9. e3 d6 10. b3 Nxd4 11. exd4 Rb8 12. h3 Nf6 13. Be3 a6 14. a4 Bd7 15.
Qd2 h5 16. Rfe1 Re8 17. Rac1 Bf5 18. Kh2 Qb6 19. Qa2 Qa5 20. Bd2 Qd8 21. b4 b6
22. Bg5 Qd7 23. a5 Qa7 24. Be3 Qd7 25. axb6 Rxb6 26. c5 Rxb4 27. Qxa6 dxc5 28.
dxc5 Qc7 29. Bg5 Qc8 30. Qa3 Rc4 31. c6 e5 32. Bxf6 Bxf6 33. Nd5 1-0

[Event "133rd YMCA Masters"]
[Site "Warszawa"]
[Date "2014.02.20"]
[Round "9"]
[White "Kukawski, Maciej"]
[Black "Jarmula, Lukasz"]
[Result "1-0"]
[WhiteElo "2306"]
[BlackElo "2225"]
[Annotator "Admin"]
[PlyCount "43"]
[EventDate "2014.01.09"]
[EventType "tourn"]
[EventRounds "1"]
[EventCountry "POL"]
[EventCategory "2"]
[SourceDate "2014.01.09"]

1. e4 g6 2. d4 Bg7 3. Nc3 c6 4. f4 d5 5. e5 Nh6 6. Be3 Qb6 7. Na4 Qa5+ 8. c3
Qc7 9. Nf3 f6 10. h3 Nd7 11. b3 Nf5 12. Bf2 fxe5 13. fxe5 Bh6 14. Qd3 O-O $11
15. Be2 Ng7 16. Be3 Bxe3 17. Qxe3 Nf5 18. Qf2 b5 19. Nb2 Qa5 20. O-O Qxc3 21.
Nd3 Qd2 22. Nxd2 1-0

[Event "133rd YMCA Masters"]
[Site "Warszawa"]
[Date "2014.02.28"]
[Round "10"]
[White "Rudnicki, Milosz"]
[Black "Kukawski, Maciej"]
[Result "0-1"]
[WhiteElo "2225"]
[BlackElo "2306"]
[PlyCount "86"]
[EventDate "2014.01.09"]
[EventType "tourn"]
[EventRounds "1"]
[EventCountry "POL"]
[EventCategory "2"]
[SourceDate "2014.01.09"]

1. e4 c5 2. Nf3 d6 3. d4 cxd4 4. Nxd4 Nf6 5. Nc3 a6 6. Be3 e6 7. g4 e5 8. Nf5
h5 9. gxh5 d5 10. Bg5 d4 11. Ne2 Qa5+ 12. Bd2 Qb6 13. h6 gxh6 14. Bg2 Rg8 15.
Neg3 Nc6 16. O-O Be6 17. Qf3 O-O-O 18. b3 Rg6 19. c3 Nd7 20. cxd4 exd4 21. Rac1
Nde5 22. Qh5 Ba3 23. Nh4 Bxc1 24. Rxc1 Nd3 25. Rc2 Rgg8 26. Ba5 Qb5 27. Qxb5
axb5 28. Bxd8 Rxd8 29. Bf1 Ndb4 30. Rd2 d3 31. a3 Nc2 32. a4 N6b4 33. axb5 Nd4
34. Ngf5 Nxb3 35. Rd1 d2 36. Nf3 Na2 37. Ne7+ Kb8 38. Nd5 Bxd5 39. exd5 Nc3 40.
Bc4 Nd4 41. Nxd4 Nxd1 42. Nf3 Rg8+ 43. Kf1 Ne3+ 0-1

[Event "133rd YMCA Masters"]
[Site "Warszawa"]
[Date "2014.03.17"]
[Round "10"]
[White "Bartel, Michal"]
[Black "Skawinski, Arkadiusz"]
[Result "1/2-1/2"]
[WhiteElo "2316"]
[BlackElo "2319"]
[Annotator "Admin"]
[PlyCount "56"]
[EventDate "2014.01.09"]
[EventType "tourn"]
[EventRounds "1"]
[EventCountry "POL"]
[EventCategory "2"]
[SourceDate "2014.01.09"]

1. e4 c6 2. d4 d5 3. Nc3 dxe4 4. Nxe4 Bf5 5. Ng3 Bg6 6. h4 h6 7. Nf3 Nd7 8. Bd3
Bxd3 9. Qxd3 e6 10. Bd2 Ngf6 11. c4 Qc7 12. O-O-O Bd6 13. Ne4 Bf4 14. g3 Bxd2+
15. Nfxd2 O-O 16. Rhe1 Rfd8 17. f4 b6 18. Kb1 Rac8 19. Nf3 Nxe4 20. Qxe4 c5 21.
b3 cxd4 22. Nxd4 Nf6 23. Qf3 h5 24. Nb5 Qe7 25. Nc3 g6 26. Kb2 Rxd1 27. Rxd1
Rd8 28. Rxd8+ Qxd8 $11 1/2-1/2

[Event "133rd YMCA Masters"]
[Site "Warszawa"]
[Date "2014.03.21"]
[Round "11"]
[White "Nguyen, Piotr"]
[Black "Rudolf, Michal"]
[Result "0-1"]
[WhiteElo "2360"]
[BlackElo "2367"]
[PlyCount "32"]
[EventDate "2014.01.09"]
[EventType "tourn"]
[EventRounds "1"]
[EventCountry "POL"]
[EventCategory "2"]
[SourceDate "2014.01.09"]

1. d4 f5 2. Bg5 g6 3. Nc3 Bg7 4. h4 h6 5. Bf4 Nf6 6. Qd2 d6 7. O-O-O c6 8. f3
Qa5 9. e4 e5 10. dxe5 dxe5 11. Qd6 exf4 12. exf5 Bxf5 13. Bc4 Nbd7 14. Re1+ Kd8
15. Qe7+ Kc7 16. Qxg7 Rh7 0-1

[Event "133rd YMCA Masters"]
[Site "Warszawa"]
[Date "2014.03.14"]
[Round "11"]
[White "Skawinski, Arkadiusz"]
[Black "Cajbel, Maciej"]
[Result "1-0"]
[WhiteElo "2319"]
[BlackElo "2205"]
[PlyCount "75"]
[EventDate "2014.01.09"]
[EventType "tourn"]
[EventRounds "1"]
[EventCountry "POL"]
[EventCategory "2"]
[SourceDate "2014.01.09"]

1. e4 c5 2. c3 Nf6 3. e5 Nd5 4. d4 e6 5. Nf3 cxd4 6. cxd4 d6 7. Bc4 Nb6 8. Bb3
Nc6 9. O-O dxe5 10. dxe5 Qxd1 11. Rxd1 Bd7 12. Nc3 Na5 13. Bc2 Rc8 14. Be4 Be7
15. Rb1 f5 16. exf6 gxf6 17. Nd4 a6 18. Re1 Kf7 19. Bh6 Nc6 20. Nb3 Nc4 21.
Rbd1 Rcd8 22. Re2 Bc8 23. h3 Bb4 24. Rc1 N6e5 25. Na4 f5 26. f4 Nd6 27. Bb1
Nec4 28. Bg5 Rdg8 29. a3 b5 30. axb4 bxa4 31. Na5 h6 32. Bh4 Nxa5 33. Rc7+ Kg6
34. bxa5 Nb5 35. Rxc8 Rxc8 36. Rxe6+ Kh5 37. Bxf5 Nd4 38. Be1 1-0

[Event "133rd YMCA Masters"]
[Site "Warszawa"]
[Date "2014.03.21"]
[Round "11"]
[White "Kukawski, Maciej"]
[Black "Bartel, Michal"]
[Result "1/2-1/2"]
[WhiteElo "2306"]
[BlackElo "2316"]
[Annotator "Admin"]
[PlyCount "61"]
[EventDate "2014.01.09"]
[EventType "tourn"]
[EventRounds "1"]
[EventCountry "POL"]
[EventCategory "2"]
[SourceDate "2014.01.09"]

1. d4 Nf6 2. c4 c5 3. d5 e6 4. Nc3 exd5 5. cxd5 d6 6. Nf3 g6 7. Bf4 a6 8. e4
Nh5 9. Bg5 Qb6 10. Nd2 Nd7 11. Nc4 Qc7 12. Be2 h6 13. Be3 b5 14. Bxh5 gxh5 15.
Nd2 Ne5 16. O-O Rg8 17. Kh1 Qe7 18. f4 Ng4 19. Bg1 Bd7 20. e5 dxe5 21. Nce4 f5
22. Nxc5 e4 $11 23. Re1 Qg7 24. Qf3 Nf6 25. Ndxe4 fxe4 26. Nxe4 Nxe4 27. Qxe4+
Kf7 28. d6 Rc8 29. Qd5+ Kg6 30. Qd3+ Kf7 31. Qd5+ $11 1/2-1/2

[Event "133rd YMCA Masters"]
[Site "Warszawa"]
[Date "2014.02.27"]
[Round "11"]
[White "Jarmula, Lukasz"]
[Black "Rudnicki, Milosz"]
[Result "1/2-1/2"]
[WhiteElo "2225"]
[BlackElo "2225"]
[Annotator "Admin"]
[PlyCount "133"]
[EventDate "2014.01.09"]
[EventType "tourn"]
[EventRounds "1"]
[EventCountry "POL"]
[EventCategory "2"]
[SourceDate "2014.01.09"]

1. e4 c5 2. Nf3 d6 3. d4 cxd4 4. Nxd4 Nf6 5. Nc3 g6 6. Be3 Bg7 7. f3 Nc6 8. Qd2
O-O 9. g4 Nxd4 10. Bxd4 Be6 11. h4 Qa5 12. h5 Rac8 13. a3 h6 14. hxg6 fxg6 15.
O-O-O g5 16. Kb1 Rf7 17. Bd3 Kf8 18. Qe3 a6 19. Ne2 Nd7 20. Bxg7+ Kxg7 21. Nd4
Rf6 22. Rh5 Qe5 23. Rdh1 Bf7 24. R5h2 e6 25. Rg2 Qc5 26. Be2 Ne5 27. Qd2 Ng6
28. Nb3 Qe5 29. Rd1 Nf4 30. Rgg1 d5 31. Bd3 Bg6 32. Qb4 Qc7 33. e5 Qxe5 34.
Bxg6 Kxg6 35. Qxb7 Qc7 36. Qxc7 Rxc7 37. Nd4 h5 38. gxh5+ Nxh5 39. Rde1 Ng7 40.
Re5 Kf7 41. Rexg5 Ne8 42. Rh1 Ke7 43. Rg8 Nd6 44. Re1 Nb5 45. Nxb5 axb5 46. Rb8
Rxf3 47. Rxb5 Kd7 48. Rb6 Rf6 49. a4 Rc6 50. Rb7+ Kd6 51. a5 Rf4 52. Rh7 Ra4
$11 53. Rh6 Kd7 54. Rh7+ Kd6 55. Ra7 d4 56. b3 Rb4 57. Kb2 Rb5 58. Rd1 e5 59.
Rh1 Kd5 60. Rd7+ Ke4 61. Re1+ Kf5 62. Rf7+ Ke6 63. Rf4 Kd5 64. Rh4 Re6 65. Ra1
Ra6 66. c4+ dxc3+ 67. Kxc3 $11 1/2-1/2